[Event "UAE President Cup U14"]
[Site "Ajman"]
[Date "2019.01.07"]
[Round "7"]
[White "Abdulla Mahmood, Abdulla Mohammad"]
[Black "Mohammad Abdulrahman, Alawadhi"]
[Result "0-1"]
[WhiteElo "1221"]
[BlackElo "1303"]
[PlyCount "66"]
[EventDate "2019.01.02"]
[EventType "swiss"]
[EventRounds "9"]
[EventCountry "UAE"]
[SourceTitle "CBM 188 Extra"]
[Source "ChessBase"]
[SourceDate "2019.02.26"]
[SourceVersion "1"]
[SourceVersionDate "2019.02.26"]
[SourceQuality "1"]

1. e4 d6 2. f4 e5 3. Nf3 Nd7 4. Nc3 Ngf6 5. Bc4 Be7 6. 0-0 0-0 7. d4 exd4 8. Nxd4 Nc5 9. Re1 a5 10. a4 c6 11. Nb3 Bg4 12. Qd4 Nxb3 13. Bxb3 b6 14. f5 d5 15. Qd2 dxe4 16. Nxe4 Qxd2 17. Bxd2 Bxf5 18. Ng3 Bc5+ 19. Be3 Bxe3+ 20. Rxe3 Bg6 21. h3 Rad8 22. Kf2 Nd5 23. Rf3 Nb4 24. Re1 Nxc2 25. Bxc2 Bxc2 26. Rf4 Rfe8 27. Rxe8+ Rxe8 28. Rc4 Bg6 29. Rxc6 Rb8 30. Ke3 Kf8 31. Kd4 b5 32. Kc3 bxa4 33. Rc4 Rb3+ 0-1

[Event "UAE President Cup U14"]
[Site "Ajman"]
[Date "2019.01.05"]
[Round "5"]
[White "Abdulla Mahmood, Abdulla Mohammad"]
[Black "Khalifa Essa, Albalooshi"]
[Result "0-1"]
[WhiteElo "1221"]
[BlackElo "1385"]
[PlyCount "36"]
[EventDate "2019.01.02"]
[EventType "swiss"]
[EventRounds "9"]
[EventCountry "UAE"]
[SourceTitle "CBM 188 Extra"]
[Source "ChessBase"]
[SourceDate "2019.02.26"]
[SourceVersion "1"]
[SourceVersionDate "2019.02.26"]
[SourceQuality "1"]

1. e4 d6 2. Nf3 Nf6 3. Nc3 e5 4. d4 Nbd7 5. Be2 Be7 6. 0-0 0-0 7. h3 c6 8. Be3 b5 9. dxe5 dxe5 10. Bd3 Qc7 11. Qe2 a6 12. a3 c5 13. Nd5 Nxd5 14. exd5 f5 15. Bxb5 axb5 16. Qxb5 Ba6 17. Qb3 Bxf1 18. d6+ c4 0-1